| 000 | 00360nam a22001577a 4500 | ||
|---|---|---|---|
| 003 | SGT | ||
| 020 | _a9788193851951 | ||
| 082 |
_a610 _bK23P |
||
| 100 | _aPANDEY, AJAI KUMAR | ||
| 245 | _aKAYACIKITSA | ||
| 260 |
_aNEW DLHI _bCHAUKHAMBHA PUB. _c2023 |
||
| 300 | _a692,832,529,486 | ||
| 650 | _aKAYACITSHA | ||
| 653 | _aKAYA, KAYACIKITSA | ||
| 942 |
_2ddc _cBK _023 |
||
| 999 |
_c27496 _d27496 |
||